000 00703nam a2200265Ia 4500
005 20260302114347.0
008 008 260114s9999 xx 000 0 eng d
020 _a9798881811327
037 _aTextbook
040 _aCRL
040 _beng
040 _cCRL
041 _2eng
041 _aeng
084 _qCRL
100 _aBrianne Donaldson and Ashley King (eds)
_91118547
245 0 _aFeeling Animal Death Being Host to Ghosts
260 _bBloomsbury
260 _bRowman & Littlefield
260 _c2019
650 _aPhilosophy
856 _uhttps://doi.org/10.5040/9798881811327?locatt=label:secondary_bloomsburyCollections
942 _cEBOOK
999 _c1682272
_d1682272